000 01075nam a2200349 a 4500
003 AR-BaBNM
005 20251128204656.0
008 082120s2002 ||||||||||||||000 | spa||
020 _a84-7232-462-1
040 _cAR-BaBNM
100 1 _aIturrieta, Aníbal
245 0 0 _aJuan Bautista Alberdi
260 _aMadrid
_bEdiciones de Cultura Hispánica
_c1988
300 _a159 p.
490 0 _aAntología del pensamiento político, social y económico de América Latina
_vv. 2
500 _aImportante aporte bibliográfico acerca de la obra de y sobre Juan Bautista Alberdi
504 _aBibliografía: p. 135-159
650 4 _aHISTORIA ARGENTINA
650 4 _aBIOGRAFIAS
650 4 _aHISTORIA DE LAS IDEAS
650 4 _aECONOMIA
650 4 _aPOLITICA
650 4 _aSOCIOLOGIA
651 4 _aAmérica Latina
655 _aBIOGRAFIAS
700 1 _aGarcía Román, Eva
700 1 _aMaestre Alfonso, Juan
_edirector
700 1 _aGallo, Ezequiel
_eprologuista
710 2 _aInstituto de Cooperación Iberoamericana
942 _cBK
998 _cEnrique
999 _c8361
_d8361